[Event "Benasque op 25th "]
[Site "Benasque"]
[Date "2005.07.14"]
[Round "9"]
[White "Roiz, Michael"]
[Black "Krivoshey, Sergei"]
[Result "1-0"]
[WhiteElo "2593"]
[BlackElo "2500"]
[Annotator "Roiz,M"]
[PlyCount "129"]
[EventDate "2005.07.06"]
[EventType "swiss"]
[EventRounds "10"]
[EventCountry "ESP"]
[SourceTitle "CBM 108"]
[Source "ChessBase"]
[SourceDate "2005.09.26"]
[SourceVersion "1"]
[SourceVersionDate "2005.09.26"]
[SourceQuality "1"]

1. c4 c6 2. Nf3 d5 3. d4 Nf6 4. e3 Bg4 5. h3 Bxf3 ({The alternative here is-->
} 5... Bh5 6. Nc3 ({or} 6. cxd5 Bxf3 7. Qxf3 cxd5) 6... e6 7. g4 Bg6 8. Ne5) 6.
Qxf3 e6 7. Nc3 Nbd7 8. Bd2 {That move is oftenly connected with a queen-side
castle,followed by g2-g4-g5.} ({Another popular position may arise after:} 8.
Bd3 Bd6 9. O-O O-O {As the modern practice shows,black usually successfully
solves his opening problems in this line.}) 8... Bd6 {Provoking white's next
move. I don't like that waste of time,so i would prefer an immediate 8...Bb4.}
(8... Bb4 9. cxd5 (9. Bd3 Nb6 10. cxd5 cxd5 11. Qd1 O-O 12. Qb3 Bd6 13. O-O Rc8
14. Rfc1 Bb8 15. Na4 Nxa4 16. Qxa4 a6 $11 {1/2-1/2 Dinstuhl,V-Hodgson,J/
Germany 2003/CBM 93 (37)}) 9... exd5 10. Bd3 O-O 11. O-O Re8 12. Rad1 Qe7 13.
Rfe1 Nb6 14. a3 Bxc3 15. Bxc3 Ne4 16. Bb4 Qd7 17. Re2 Re6 18. Qg4 Rae8 $11 {
1/2-1/2 Portisch,L-Berkes,F/Paks HUN 2004/The Week in Chess 500 (32)}) 9. g4
Bb4 {So,black is ready to meet 10.g5 with 10...Bxc3,followed by 11...Ne4.} 10.
O-O-O Qe7 $6 $146 {A pointless move-black shouldn't waste an important time,
since white's bishops may become powerful.} ({In the following game black's
play was much more logical:} 10... Nb6 11. c5 Nbd7 12. Kb1 O-O 13. g5 Ne8 14.
e4 b6 15. exd5 exd5 16. a3 (16. cxb6 $5 axb6 17. Bd3) 16... Bxc3 17. Qxc3 bxc5
18. dxc5 Nc7 19. Be3 Ne6 $132 {1/2-1/2 Tregubov,P-Godena,M/Senat 2003/CBM 94
ext (68)}) 11. Kb1 $1 {An important profilactic move. White has already
created an unpleasant threat of 12.g5,since 12...Bxc3 is not possible in view
of 13.gxf6.} Bxc3 ({In my opinion,black could provoke c4-c5 even at cost of
time,although after} 11... Nb6 12. c5 Bxc3 13. Bxc3 Nbd7 14. Bd3 $14 {white's
chances are slighty better.}) 12. Bxc3 Ne4 (12... O-O 13. Bd3 {[%cal Gg4g5]} e5
(13... dxc4 14. Bxc4 Nd5 15. Bd2 $14) 14. dxe5 (14. Bc2 $6 e4 15. Qf4 Nb6 $132)
14... Nxe5 15. Bxe5 Qxe5 16. cxd5 Nxd5 17. Bc4 $14) 13. Be1 O-O 14. Bd3 f5 $2 {
A serious strategical mistake-that weakens the dark squares in black's camp
and helps white to develop his initiative.} ({Much better would be:} 14... Nd6
15. cxd5 (15. c5 Ne8 16. e4 dxe4 17. Bxe4 Nef6 18. Bc2 Nd5 $132) 15... exd5 16.
Bb4 Rad8 $14 {with a somewhat passive,but quite solid position.}) 15. Qe2 {
freeing a way for the ''f'' pawn. Black's main problem is a deficit of any
counterplay.} ({Good enough was also:} 15. gxf5 $5 exf5 16. Qf4 $36 {[%cal
Gf2f3]}) 15... a5 $6 {Black takes control of ''b4'' spot,but that additional
loss of time makes his position critical.} ({I can recommend:} 15... dxc4 $142
16. Bxc4 Nb6 17. Bb3 Nd5 18. f3 Nd6 {and black holds on. However,white's
advantage is obvious here.}) 16. gxf5 exf5 17. f3 Nd6 ({Hardly better would be:
} 17... dxc4 18. Bxc4+ Kh8 19. Bd3 Nd6 20. Rg1 Rae8 21. Qg2 $40 {and white has
a strong attack for free.}) 18. c5 Nc8 {[%cal Gb7b6] The knight is placed ugly
there,but at least black wants to free himself by b7-b6.} ({The alternative
was:} 18... Ne8 19. Rc1 Qe6 20. Bg3 $16) 19. Rc1 {Sergei was short on time,so
i didn't want to simplify the position. My intention was to prevent black from
playing b7-b6 as long as it possible.} ({At the same time,tempting was also:} 
19. Qc2 $5 Qxe3 ({after} 19... g6 20. e4 {black is also in troubles}) 20. Bxf5
Nf6 (20... Qxf3 21. Bxh7+ Kh8 22. Rg1 $16) 21. Bh4 $16 {and white's bishops
are very powerful.}) 19... Qe6 20. Rg1 ({Another possibility was:} 20. Bg3 $5
b6 21. cxb6 (21. e4 $5) 21... Ncxb6 22. Rc2 $16 {[%csl Rc6][%cal Gh1c1] with a
stable advantage.}) 20... f4 {Black is trying to make the position more
complicated.} ({Now} 20... b6 {could be strongly met by:} 21. e4 $1 bxc5 (21...
Ne7 22. exd5 Qxe2 23. Bxe2 Nxd5 24. cxb6 N7xb6 25. Rxc6 $18) 22. exd5 Qxe2 23.
Bxe2 cxd5 24. dxc5 $18 {with a decisive advantage in the endgame.}) ({Black's
position is also bad after} 20... Ne7 21. Bg3 $16) 21. e4 ({Deserved attention
also:} 21. Qg2 $5 Rf7 22. exf4 $16 {with a direct attack.}) 21... Ne7 ({After} 
21... Qxh3 $2 22. Bd2 Qe6 23. Qh2 $18 {white's attack is obviously decisive.})
22. Bd2 Kh8 ({Hopeless would be:} 22... dxe4 23. fxe4 f3 24. Qf2 Qxh3 25. Rg3
Qh5 26. Rcg1 Ng6 27. e5 $18) 23. Qg2 Rf7 24. Bxf4 $6 {There was no reason to
hurry!} ({After the simple} 24. Rce1 {i don't see any useful moves for black.
For instance,} b6 $140 25. cxb6 Nxb6 26. Bxf4 $18) 24... Qf6 $1 {I have
completely overlooked that resourse. Now white cannot keep his extra pawn.} 25.
Bd6 Qxf3 $2 {Black takes the wrong pawn!} ({After the correct} 25... Qxd4 $142
26. Rgd1 Qf6 27. f4 dxe4 28. Qxe4 Nf5 $16 {black could hold on. For instance,}
29. Bc4 $140 Nxd6 30. Rxd6 Re7 $1) 26. Qc2 $2 {Missing an easy win!} (26. Qxf3
$142 Rxf3 27. Be2 Rf7 $8 28. Bg4 $1 Nf8 $8 29. Rcf1 Rxf1+ (29... Kg8 30. Rxf7
Kxf7 31. Rf1+ Ke8 32. exd5 cxd5 33. Re1 Nfg6 34. h4 $18) 30. Rxf1 Nfg6 31. Bxe7
Nxe7 32. Rf7 $18) 26... dxe4 {Black must prevent white from advancing his Pe4.}
(26... Qe3 $2 27. e5 Rf2 28. Qc3 $18) 27. Bxe4 Qh5 28. Qb3 $1 Nf6 $2 {That
makes white's task much easier.} ({The best chance was:} 28... Nd5 29. Qxb7 (
29. Bxd5 Qxd5 30. Qxb7 Rg8 $16) 29... Re8 {while white has to play very
accurately in order to convert his material advantage into a full point:} 30.
Bc2 $1 {that ''shy'' move is probably the strongest} (30. Rce1 $2 Nb4 $132 {
[%cal Gd7f6]}) ({The most natural} 30. Qxc6 {gives black some tactical
resourses:} Nb4 $1 (30... Rxe4 $2 31. Qc8+ Nf8 32. Bxf8 $18) 31. Qc7 Qh4 $1 (
31... Nf6 $2 32. Qxa5 $18) 32. Bf5 Ne5 $1 33. Qb6 Rxf5 34. Bxe5 Rfxe5 35. dxe5
Qe4+ 36. Ka1 Qd5 37. Qxa5 Ra8 38. Rgd1 Rxa5 39. Rxd5 Nxd5 40. c6 Nc7 {and the
endgame is not that clear.}) {and after} 30... Ne5 (30... Nxc5 31. Qxc6 $18)
31. Qa6 Nb4 (31... Nf3 32. Qxc6 $18) 32. Qxa5 Ned3 (32... Nxc2 33. Bxe5 $18)
33. Bxd3 Nxd3 34. Rcd1 $18 {white's advantage is decisive.}) 29. Bg6 $1 {
Now black doesn't get any compensation for the exchange.} Nxg6 30. Qxf7 Rg8 31.
Qxb7 $18 {White has a huge material advantage,so he should only prevent
black's counterplay.} Qd5 ({After} 31... Qxh3 32. Qxc6 {white's passed pawns
will decide the game very soon.}) 32. Ka1 ({Maybe stronger would be:} 32. Qa6
Ne4 33. Ka1 $18) 32... a4 {[%cal Ga4a3] Black is trying to disturb the Ka1.}
33. Qa6 Qxd4 34. Qc4 Qe3 {Black cannot keep his Pa4,as the endgame is totally
lost.} 35. Qxa4 Rc8 36. h4 {Creating an idea of h4-h5.} Qe8 37. Rge1 ({Even
stronger would be:} 37. Rce1 {keeping the rook on the ''g'' gile.} Qd7 38. Qd1
Ra8 39. h5 Qf7 40. b3 $18) 37... Qd7 38. a3 h5 ({Or} 38... Qb7 39. Re3 Ra8 40.
Rb3 Qc8 41. Qb4 $18 {[%cal Gb4b8]}) 39. Rg1 Ne7 {That allows white to simplify
the position.} (39... Ng4 {fails to:} 40. Qc2 Qe6 41. Rce1 Qf6 42. Qe4 $1 $18 {
with a full domination.} Nxh4 $140 43. Be7 {[%csl Rf6,Rh4]} Qf2 44. Rh1) 40.
Bxe7 Qxe7 41. Rg5 {Doubling the rooks will decide the game.} Rc7 42. Qd4 {
Centralizing the queen.} ({More effective would be:} 42. Qa8+ Kh7 43. Rcg1 Qe6
44. Qf8 $18) 42... Rd7 43. Qe5 Qf7 44. Re1 Rd5 45. Qb8+ {Exchanging black's
rook. The rest is simple.} Kh7 46. Rxd5 Qxd5 47. Qe5 Qf3 48. Rg1 Qd3 49. Qc7
Ng4 50. Qxc6 Ne3 51. Qe6 {Taking control of important diagonal a2-g8.} Qd4 52.
Qg6+ Kg8 53. Qe8+ Kh7 54. Qxh5+ Kg8 55. Qe8+ Kh7 56. Qg6+ Kh8 57. c6 Nc4 58.
Qxg7+ {That is the best decision from practical point of view-black couldn't
stop white's pawns.} Qxg7 59. Rxg7 Kxg7 60. Ka2 Kg6 61. c7 Nb6 62. a4 Kh5 63.
a5 Nc8 64. b4 Kxh4 65. b5 1-0

[Event "Olympiad-41"]
[Site "Tromsoe"]
[Date "2014.08.14"]
[Round "11.1"]
[White "Gelfand, Boris"]
[Black "Saric, Ivan"]
[Result "1-0"]
[WhiteElo "2753"]
[BlackElo "2671"]
[Annotator "Roiz,M"]
[PlyCount "103"]
[EventDate "2014.08.02"]
[EventType "team-swiss"]
[EventRounds "11"]
[EventCountry "NOR"]
[SourceTitle "CBM 162"]
[Source "ChessBase"]
[SourceDate "2014.09.17"]
[SourceVersion "1"]
[SourceVersionDate "2014.09.17"]
[SourceQuality "1"]
[WhiteTeam "Israel"]
[BlackTeam "Croatia"]
[WhiteTeamCountry "ISR"]
[BlackTeamCountry "CRO"]

1. d4 d5 2. c4 c6 3. Nf3 Nf6 4. e3 Bg4 5. Nc3 e6 6. h3 Bh5 7. g4 Bg6 8. Ne5
Nbd7 9. Nxg6 hxg6 {This position is quite topical for the Slav with 4.e3.} 10.
Bd2 (10. g5 {is somewhat more agressive, but Black is doing OK after both} Ne4
({Or} 10... Ng8)) 10... g5 11. cxd5 {Boris decides to clarify the situation in
the centre. In that case White may consider delaying castling.} exd5 (11...
Nxd5 12. Bg2 Be7 13. O-O O-O 14. Qc2 $14) (11... cxd5 $5) 12. Bd3 Bb4 {A
standard way to fight for the key e4-square.} (12... Bd6 $5 {also deserves
attention:} 13. h4 (13. Qf3 Qe7 14. O-O-O O-O-O 15. Kb1 Rde8 $132) 13... Nb6
14. Qf3 gxh4 15. g5 Nfd7 $132 {with a complicated strategic battle.}) (12...
Be7 {looks rather passive:} 13. Qf3 Nf8 14. O-O-O g6 15. Kb1 Ne6 16. Qg2 $14 {
1-0 Dubov,D (2614)-Raznikov,D (2479)/Caleta ENG 2014 (42)}) 13. a3 $146 {
A natural novelty. This decision is double-edged: it can be useful for a
minority attack on the q-side by means of b2-b4-b5, but it can also be a
target in the event of q-side castling.} ({It looks like after} 13. Qb3 $5 {
White can also fight for some advantage:} Qb6 (13... a5 14. a3 Bxc3 15. bxc3
$14) 14. f3 Bd6 15. Ne2 Qxb3 16. axb3 Nb6 17. Kf2 a6 18. Kg2 (18. e4 $14) 18...
Be7 19. b4 O-O-O 20. b3 Kb8 21. Raf1 Ne8 22. Bc2 Nd6 $11 {1/2-1/2 Salgado
Lopez,I (2626)-Inarkiev,E (2679)/Khanty-Mansiysk 2011/CBM 145 (101)}) 13...
Bxc3 $6 {A dubious decision. The dark-squared bishop is extremelty important,
especially when Black doesn't manage to get control over the e4-spot.} (13...
Ba5 14. b4 Bc7 (14... Bb6 15. Qf3 Qe7 16. Kf1 g6 17. b5 $14) 15. b5 c5 16. Qf3
Bb6 $1 17. Nxd5 cxd4 $132) 14. Bxc3 $14 a5 {A loss of time. Now White can
restrict Black's active possibilities and secure a stable advantage.} ({
The lesser evil was} 14... Ne4 $1 15. Bxe4 dxe4 16. d5 {and here Black should
go for a pawn sac:} Nc5 $1 17. dxc6 Nd3+ 18. Kf1 bxc6 (18... O-O 19. cxb7 Rb8
20. h4 Rxb7 21. hxg5 Qxg5 22. Qe2 $14) 19. Qa4 Qd5 20. Bxg7 Rh7 21. Bf6 Rh6 22.
Qd4 Qxd4 23. Bxd4 c5 $14 {White is better, but Black has reasonable drawish
chances due to a monster on d3.}) 15. f3 $1 Qc7 {The queen has nothing much it
can achieve there.} ({I would prefer} 15... Kf8 $142 16. Qe2 Ne8 $14) 16. Kf2 (
16. Qe2 $5 O-O-O 17. O-O-O $36) 16... g6 $6 {I guess Ivan didn't like his
position, since there is no way to develop any reasonable counterplay. However,
it is only after this weakening move that Black's position starts becoming
very difficult.} (16... Nb6 17. Kg2 Nfd7 $14) 17. Qg1 {At this moment Boris
had to choose between a couple of good-looking plans. Now White may seriously
consider a trade of queens.} (17. Qd2 $5 {also deserved serious attention:} Nf8
18. b4 axb4 19. Bxb4 Ne6 20. a4 $16) 17... Nf8 {The knight is heading to e6 in
order to decrease the effect of an e3-e4 push.} ({After} 17... Kf8 {White can
switch to an attacking setup:} 18. Kg2 (18. Qg3 Qxg3+ 19. Kxg3 Kg7 $14 {
is more or less acceptable for Black.}) 18... Kg7 19. Qf2 $36 {[%cal Gh3h4]})
18. b4 $1 {Black has delayed castling, so this thematic advance is unpleasant.}
(18. Qg3 Qxg3+ 19. Kxg3 Ne6 20. b4 axb4 21. axb4 Kd7 $14) 18... axb4 19. axb4 (
19. Bxb4 $5 Ne6 20. Qe1 Nd7 21. Kg2 $16) 19... Rxa1 20. Qxa1 Ne6 (20... N8d7 {
was hardly any better:} 21. b5 O-O 22. h4 $1 gxh4 23. Rxh4 $16) 21. Qa8+ Nd8 {
White has a clear positional advantage, but Black's position is still solid.}
22. Kg2 {This gives Black time for consolidating.} ({A more energetic try was} 
22. b5 $142 O-O 23. Bb4 Re8 24. Qa3 cxb5 25. Bxb5 Nc6 26. Bd6 Qd7 27. Bg3 $16)
22... O-O 23. Ra1 ({Deviating again from the most natural} 23. b5 $5 Re8 24.
Re1 cxb5 (24... c5 25. dxc5 Ne6 26. Qa4 Nxc5 27. Qd4 Re6 28. Ra1 $16) 25. Qa3
Re6 26. Bxb5 Nc6 $14) 23... Re8 24. Bd2 Nd7 $1 {Now Ivan is ready to meet 25.
b5 with c6-c5, so White's task is more difficult.} (24... Ne6 25. Qa5 Qe7 26.
Qb6 Rb8 27. Ra7 $16) 25. Qa7 (25. b5 $6 c5 26. dxc5 Nxc5 $132) 25... Ne6 (25...
Qd6 $5 26. Re1 (26. b5 c5 $132) 26... Kg7 $14) 26. Be1 Qb6 {Black could hardly
keep the queens on the board, since there is no good square for the Qc7.} 27.
Qa5 Nc7 28. Bg3 Qxa5 {Ivan had to calculate quite a lot before making this
move.} ({A waiting strategy was also possible:} 28... Ra8 $5 29. Qxb6 Nxb6 30.
Ra5 Ne6 $14) 29. bxa5 Rxe3 30. Bxc7 (30. Bf1 Ne6 31. Rb1 Nf4+ 32. Kf2 Ra3 33.
Rxb7 Nf8 34. a6 N8e6 35. a7 Kg7 $132) 30... Rxd3 31. Rb1 {White is a pawn down,
but the passed Pa5 is extremely dangerous.} Rxd4 32. Rxb7 Rd2+ $6 ({Ivan had
to find a tough resource in order to play} 32... Ra4 $5 33. Bd6 Nf6 34. Ra7 d4
35. Be5 {and here:} Ne8 $1 36. Ra8 f6 {with good chances to save a half point:}
37. Bxf6 (37. Bxd4 Rxd4 38. Rxe8+ Kf7 39. Rc8 Ra4 40. Rc7+ Kf8 41. Rxc6 Rxa5
42. Rxf6+ Kg7 {is just an easy draw.}) 37... Kf7 38. Bxg5 Nd6 $14) 33. Kf1 Nc5
({In this version,} 33... Ra2 $2 {fails to:} 34. Bd6 Nf6 35. Ra7 d4 36. Ra8+
Kg7 37. Be5 d3 38. f4 Re2 39. Rd8 gxf4 40. Bc3 $1 $18) 34. Rb8+ Kg7 35. Be5+ f6
36. Bd6 {Black has to give up a piece now.} Ne6 $2 {Finally Ivan makes a
decisive mistake.} ({After the correct} 36... Rc2 $1 37. Rb6 d4 38. a6 Nxa6 39.
Rxa6 Kf7 40. Ra5 Rc3 41. Ke2 Ke6 42. Bb4 Rb3 $16 {Black would have definite
drawish chances due to a limited material balance.}) 37. a6 (37. Rb7+ Kh6 38.
Re7 Nf4 39. Rf7 Ne6 40. Rxf6 Nd4 41. Rf7 $18) 37... Ra2 38. Rb7+ Kh6 39. a7 $18
{Now the Pa7 will decide the game, especially when the king is almost mated on
h6.} d4 (39... c5 40. Re7 Ra1+ 41. Kf2 Ra2+ 42. Ke1 Nf4 43. Rf7 Ne6 44. Rxf6
$18) 40. Re7 Nf4 (40... d3 41. Rxe6 Rxa7 42. Bf8+ Kh7 43. Re7+ Rxe7 44. Bxe7
$18) 41. Rf7 Ne6 42. Rxf6 Nf4 43. Rf7 Ne6 44. Be5 {Black has no useful moves.}
d3 (44... c5 {also offered no hope:} 45. Re7 Nf4 46. Bg7+ Kh7 47. Bxd4+ $18)
45. Ke1 c5 (45... Nf4 46. Bg7+ Kh7 47. Bd4+ Kh6 48. Rf8 $18) 46. Rd7 Re2+ (
46... c4 47. Re7 Nf4 48. Bg7+ Kh7 49. Bd4+ Kh6 50. Re8 $18) (46... Nf4 47. Bg7+
Kh7 48. Bf8+ Kg8 49. Bxc5 $18) 47. Kd1 Ra2 48. Rb7 d2 (48... c4 49. Re7 Nf4 50.
Bg7+ Kh7 51. Bd4+ Kh6 52. Re8 $18) (48... Ra6 49. Kd2 c4 50. Re7 Nf4 51. Bg7+
Kh7 52. Bd4+ Kh6 53. Re8 $18) 49. Rd7 $22 {One more zugzwang.} c4 50. Re7 c3
51. Bxc3 Nd4 {The last trick.} 52. Re8 $1 ({Correctly avoiding} 52. Bxd4 $2
Ra1+ 53. Kxd2 Rd1+ 54. Ke3 Re1+ 55. Kd3 Rd1+ 56. Kc3 Rd3+ $11) 1-0

[Event "Batumi FIDE GP (Women)"]
[Site "Batumi"]
[Date "2016.04.20"]
[Round "1"]
[White "Gunina, Valentina"]
[Black "Girya, Olga"]
[Result "0-1"]
[WhiteElo "2497"]
[BlackElo "2442"]
[Annotator "Schulz,Andre"]
[PlyCount "74"]
[EventDate "2016.04.20"]
[EventType "tourn"]
[EventRounds "11"]
[EventCountry "GEO"]
[EventCategory "10"]
[SourceTitle "CBM 172"]
[Source "ChessBase"]
[SourceDate "2016.05.12"]
[SourceVersion "1"]
[SourceVersionDate "2016.05.12"]
[SourceQuality "1"]

1. d4 d5 2. c4 c6 3. Nf3 Nf6 4. e3 Bg4 5. Nc3 e6 6. h3 Bh5 7. g4 Bg6 8. Ne5
Nbd7 9. Nxg6 (9. h4 $5 {wurde hier auch oft gespielt, z.B.:} dxc4 10. Nxc4 h5
11. g5 Nd5 12. Bg2 N5b6 13. b3 Bb4 14. Bd2 e5 15. a3 Nxc4 16. bxc4 Ba5 17. O-O
O-O 18. c5 Re8 19. Ra2 Qc7 20. Rb2 b6 21. cxb6 axb6 22. d5 e4 23. dxc6 Qxc6 24.
Nb5 Ne5 25. Bxa5 Rxa5 26. Nd4 Qd6 27. Ne2 Nd3 28. Nf4 Rxa3 29. Rb5 Qc6 30. Qb1
Nxf4 31. exf4 Qd7 32. Rxb6 Qg4 33. Rb8 Rxb8 34. Qxb8+ Kh7 35. Qe5 Rf3 36. f5
Bxf5 37. Re1 Rf4 38. Re3 Bg6 39. Qd6 Qxh4 40. Rg3 Rg4 41. Qe5 Rxg3 42. fxg3 Qg4
43. Kf2 Bf5 44. Qe7 Kg6 45. Qe5 Qxg5 {0-1 (45) Van Wely,L (2640)-Giri,A (2798)
Wijk aan Zee 2016}) 9... hxg6 10. Qb3 Qb6 11. Bg2 g5 12. Bd2 Be7 13. O-O-O a5 (
13... Qxb3 14. axb3 O-O-O 15. e4 Nxe4 16. Nxe4 dxe4 17. Bxe4 e5 18. Ba5 b6 19.
Bc3 exd4 20. Bxd4 Bf6 21. Bxf6 gxf6 22. Bxc6 Nc5 23. Rxd8+ Rxd8 24. Kc2 Nd3 25.
Kc3 Nf4 26. Be4 Ne2+ 27. Kb4 a5+ 28. Kb5 Kc7 29. Bd5 Nd4+ 30. Ka4 Re8 31. b4
Re2 32. Rd1 Ne6 33. Rb1 axb4 34. Kxb4 Rxf2 35. b3 Nc5 36. Kb5 f5 37. gxf5 Rxf5
38. Ra1 Nxb3 39. Ra7+ Kd6 40. Kxb6 Nc5 41. Rxf7 Rxf7 42. Bxf7 Nd7+ 43. Kb5 Nc5
44. Bg6 Ne6 45. Kb6 Nc5 46. Bf5 Nb3 47. Bg4 Nc5 48. Kb5 Ne4 49. Kb4 Nc5 50. Kc3
Ke5 51. Bc8 Ne4+ 52. Kb4 Kd6 {1/2-1/2 (52) Jumabayev,R (2607)-Adhiban,B (2663)
Abu Dhabi 2016}) 14. Qc2 $6 {Weiß weicht ihrem Naturell entsprechend dem
Damentausch aus und gibt den Bauern c4.} (14. Qxb6 Nxb6 15. c5 Nbd7 $11) 14...
dxc4 15. e4 e5 ({Die Engines hätten auf d4 auch noch weggenommen:} 15... Qxd4
16. Bxg5 Qa7 $17) 16. Be3 Qa6 17. Bxg5 a4 18. f4 $6 {Schneidet den Lg5
vorübergehend vom Rest der Mannschaft ab.} (18. Be3) 18... exd4 19. Rxd4 a3
20. b3 cxb3 21. Qxb3 Nc5 22. Qc2 Qb6 23. e5 Ne6 ({Der Abzug} 23... Nb3+ {
ist zwingender.} 24. Qxb3 Qxd4 25. exf6 gxf6 26. Re1 fxg5 $19) 24. Rc4 Nxg4 $2
(24... Nd4 $1 25. Rxd4 (25. Qd2 O-O-O $19) (25. Qf2 Nb3+ $19) 25... Qxd4 26.
exf6 gxf6 $19) 25. hxg4 $2 ({Nach} 25. Bxe7 Ne3 26. Rb4 {ist die Angelegenheit
nicht so klar:} Qxb4 27. Bxb4 Nxc2 28. Kxc2 c5 29. Bxb7 Ra7 30. Bc6+ Kf8 31.
Bxa3 Rxa3 32. Ba4) 25... Rxh1+ 26. Bxh1 Nxg5 $19 {Weiß kann nun nicht gut auf
g5 nehmen.} 27. Nd1 (27. fxg5 Rd8 $19) 27... Rd8 28. Qh2 Ne6 29. Be4 Bb4 30.
Qh8+ Ke7 31. Qh4+ g5 32. fxg5 Bd2+ 33. Kc2 Bxg5 34. Qh1 Rd2+ 35. Kc3 Qa5+ 36.
Kb3 b5 37. Rb4 c5 0-1